| 000 | 00719cab a2200193 4500 | ||
|---|---|---|---|
| 001 | ABS40788 | ||
| 008 | 090401t1989 xxu||||| |||| 00| 0 eng d | ||
| 035 | _a(Sirsi) u26012 | ||
| 041 | _aeng | ||
| 100 | _aMorley, A. | ||
| 245 | _aPracticalities of farm computing | ||
| 260 | _c1989 | ||
| 350 | _a0 | ||
| 490 |
_aFarm Management _v7(1) Spring 1989, 27-35(5) |
||
| 520 | _aReviews the options on computer isation for farm management , outlining the problems, the steps which need to be considered before choosing a system, hardware and software costs involved and the use of bureau and accounting systems. | ||
| 690 | _aMANAGEMENT-BUSINESS MANAGEMENT-INFORMATION MANAGEMENT | ||
| 942 | _n0 | ||
| 948 | _c04/03/1997 | ||
| 999 |
_c17462 _d17462 |
||